• 首页
  • 本馆介绍
  • 公告通知
  • 最新文献
  • 馆藏检索
  • 电子资源
  • 读者导购
  • 参考咨询
  • 我的图书馆
  • 登录
  • 详细信息显示
  • 放入我的书架
  • 预约/预借图书
  • 作者相关作品
  • 分类相关作品
  • 丛书相关作品
  • 出版社相关作品

书目信息

  • 表格格式
  • 工作单格式
  • 卡片格式
题名:
中国省会城市公民水素养评价报告
    
 
作者: 王延荣 , 孙宇飞 著
分册:  
出版信息: 北京   中国水利水电出版社  2019
页数: 298页
开本: 24cm
丛书名:
单 册:
中图分类: TV213.4
科图分类:
主题词: 水资源保护--公民教育--研究报告--中国
电子资源:
ISBN: 978-7-5170-7472-4
000 01277nam0 2200241 450
001 2365078468
005 20231201180452.55
010    @a978-7-5170-7472-4@dCNY91.00
100    @a20190508d2019 em y0chiy50 ea
101 0  @achi
102    @aCN@b110000
105    @aak az 000yy
200 1  @a中国省会城市公民水素养评价报告@Azhong guo sheng hui cheng shi gong min shui su yang ping jia bao gao@f王延荣,孙宇飞等著
210    @a北京@c中国水利水电出版社@d2019
215    @a298页@c图@d24cm
320    @a有书目(第289-294页)
330    @a近年来,科学素质备受政府部门、专家学者和社会各界关注,而对于水素养概念和内涵研究鲜有涉及。为此,我们在通过对素养、科学素养等内涵进行归纳总结的基础上,提出了水素养的基本概念并从其核心内涵出发,构建由水知识、水态度和水行为等3个一级指标、10项二级指标、29个三级指标和若干观测点组成的公民水素养评价指标体系。本书研究我国省会城市公民水素养综合评价值及排序,并基于“精确计算、分类呈现”的原则对31个省会城市公民水素养状况分成I、II、III、IV等次,在各等次下对各省会城市水素养评价的微观数据和得分情况进行了研究和分析。
606 0  @a水资源保护@x公民教育@x研究报告@y中国
690    @aTV213.4@v5
701  0 @a王延荣@Awang yan rong@4著
701  0 @a孙宇飞@Asun yu fei@4著
801  0 @aCN@b大连网信软件有限公司图书馆·11@c20231201
905    @aZUCC@dTV213.4@e12
    
    中国省会城市公民水素养评价报告/王延荣,孙宇飞等著.-北京:中国水利水电出版社,2019
    298页:图;24cm
    
    
    ISBN 978-7-5170-7472-4:CNY91.00
    近年来,科学素质备受政府部门、专家学者和社会各界关注,而对于水素养概念和内涵研究鲜有涉及。为此,我们在通过对素养、科学素养等内涵进行归纳总结的基础上,提出了水素养的基本概念并从其核心内涵出发,构建由水知识、水态度和水行为等3个一级指标、10项二级指标、29个三级指标和若干观测点组成的公民水素养评价指标体系。本书研究我国省会城市公民水素养综合评价值及排序,并基于“精确计算、分类呈现”的原则对31个省会城市公民水素养状况分成I、II、III、IV等次,在各等次下对各省会城市水素养评价的微观数据和得分情况进行了研究和分析。
●
相关链接 在五车中查询图书 在当当中查询图书 在豆瓣中查询图书


正题名:中国省会城市公民水素养评价报告     索取号:TV213.4/12         预约/预借

序号 登录号 条形码 馆藏地/架位号 状态 备注
1 2001255007   2001255007   辽宁北方(第一批)/辽宁北方(第一批)/55/ [索取号:TV213.4/12] 在馆    
2 2001255008   2001255008   辽宁北方(第一批)/辽宁北方(第一批)/55/ [索取号:TV213.4/12] 在馆    
3 2001255009   2001255009   辽宁北方(第一批)/辽宁北方(第一批)/55/ [索取号:TV213.4/12] 在馆    
4 2001255010   2001255010   辽宁北方(第一批)/辽宁北方(第一批)/55/ [索取号:TV213.4/12] 在馆    
5 2001255011   2001255011   辽宁北方(第一批)/辽宁北方(第一批)/55/ [索取号:TV213.4/12] 在馆    
6 2001255012   2001255012   辽宁北方(第一批)/辽宁北方(第一批)/55/ [索取号:TV213.4/12] 在馆    
山东省滨州职业学院图书馆 欢迎您!
大连网信软件有限公司© 版权所有